| 000 | 03035nam a22004337i 4500 | ||
|---|---|---|---|
| 001 | 194050 | ||
| 003 | RBPG | ||
| 005 | 20250825062638.0 | ||
| 008 | 240219s2001 sp | 00| 0 spa | ||
| 017 | _aB 42402--2001 | ||
| 020 | _a8474328950 | ||
| 040 |
_aSpMaBN _bglg _cSpMaBN _dcol2 |
||
| 080 | 0 | _a087.5:17 | |
| 100 | 0 |
_aTugendhat, Ernst, _d1930- _9235667 |
|
| 245 | 1 | 3 |
_aEl libro de Manuel y Camila : _bdiálogos sobre ética / _cErnst Tugendhat, Ana María Vicuña y Celso López. |
| 250 | _a1ª ed., 3ª reimp. | ||
| 260 |
_aBarcelona : _bGedisa, _c2001. |
||
| 300 |
_a165 p. ; _c23 cm |
||
| 336 |
_2rdacontent _atexto |
||
| 337 |
_2rdamedia _asin mediación |
||
| 338 |
_2rdacarrier _avolumen |
||
| 490 | 1 | _aCampo de estrellas | |
| 500 | _aTraducción de: Wie sollen wir handeln? Schülergespräche über Moral | ||
| 520 | _a¿Por qué el asesinato es el peor crimen? ¿Por qué hay que respetar a los demás? ¿Cuándo se debe ayudar a otras personas? ¿Por qué se deben cumplir las promesas? ¿Qué significa ser responsable? ¿Por qué es malo robar? Estas y muchas otras cuestiones dan lugar a animadas y a veces acaloradas discusiones sobre las que Manuel, Camila y sus compañeros de clase dicen lo que piensan y sienten, inquietos por los sucesos que cuentan sus padres en casa, que ven en la televisión, en la calle e incluso en el patio de colegio. Por primera vez sienten la necesidad de encontrar respuestas a tantos interrogantes que las acciones humanas despiertan y despertarán en ellos durante el resto de sus vidas. Ernst Tugendhat, el prestigioso filósofo alemán, en colaboración con Celso López y Ana María Vicuña, profesores de primaria con una larga experiencia docente en Chile han escrito un libro desenfadado y nada forzado mediante el cual niños y adolescentes aprenderán a pensar éticamente, a través de la lectura de lo que dicen y piensan niños que están igualmente aprendiendo a hacerlo. En El libro de Manuel y Camila no se dice nada acerca de las opiniones de los grandes filósofos, ni siquiera todas las preguntas encuentran respuesta, pero al lector le quedará la impresión de que aquí todos los participantes han hecho grandes y sinceros esfuerzos. ¿Y no es esto lo que en el fondo se puede esperar de la Filosofía? | ||
| 594 | _aTraducción de: Wie sollen wir handeln? | ||
| 650 | 7 |
_aÉtica _2embne _912577 |
|
| 655 | 7 |
_2tgfbne _aLibros infantiles _9226786 |
|
| 700 | 0 |
_aVicuña, Ana María _9235670 |
|
| 700 | 1 | 0 |
_aLópez, Celso _9235671 |
| 830 |
_aCampo de estrellas _9236205 |
||
| 852 |
_aES-MaACL _bR.155063 _cDEPOJ _jN-9839 _xEncuadernación cartoné _9202169 _hDonación: Verónica Torres |
||
| 903 |
_aTorres, Verónica _9236206 _ednr |
||
| 942 | 0 | 0 |
_cMONOGRAFIA _n0 |
| 999 |
_c194050 _d194050 |
||